|
|
|
|
| LEADER |
00000nam1a2200000 4500 |
| 001 |
132469 |
| 005 |
20250528100556.0 |
| 035 |
|
|
|a (RuTPU)RU\TPU\book\143440
|
| 090 |
|
|
|a 132469
|
| 100 |
|
|
|a 20080304d1985 m y0rusy5003 ca
|
| 101 |
0 |
|
|a rus
|
| 200 |
1 |
|
|a Сицилианская защита
|e вариант Найдорфа
|f В. Ф. Лепешкин
|
| 210 |
|
|
|a Москва
|c Физкультура и спорт
|d 1985
|
| 215 |
|
|
|a 256 с.
|c ил.
|
| 225 |
1 |
|
|a Теория дебютов
|
| 333 |
|
|
|a Исключено из фонда НТБ ТПУ
|
| 610 |
1 |
|
|a шахматы
|
| 610 |
1 |
|
|a шахматные партии
|
| 610 |
1 |
|
|a сицилианская защита
|
| 610 |
1 |
|
|a рекомендации
|
| 610 |
1 |
|
|a дебюты
|
| 675 |
|
|
|a 794.1
|
| 700 |
|
1 |
|a Лепешкин
|b В. Ф.
|g Владимир Федорович
|
| 801 |
|
0 |
|a RU
|b RuMRKP
|c 19950704
|g psbo
|
| 801 |
|
1 |
|a RU
|b 63413507
|c 20080304
|g PSBO
|
| 801 |
|
2 |
|a RU
|b 63413507
|c 20210511
|g PSBO
|
| 850 |
|
|
|a 63413507
|
| 942 |
|
|
|c BK
|